000
00314nam a22001217a 4500
008
181121b xxu||||| |||| 00| 0 eng d
041
_a
eng
080
_a
941
100
_a
16
101
_a
his
245
_a
Presents Global Past In A Comprehensicve Evenhanded And Open Ended Fashion
_c
Peter.S
942
_2
udc
_c
BK
999
_c
52271
_d
52271